logo

Bir Sreshtho Munshi Abdur Rouf Library
Jhenaidah Cadet College

The game of soccer. (Record no. 7870)

MARC details
000 -LEADER
fixed length control field 00587cam a22002291 4500
001 - CONTROL NUMBER
JCCL Control Number 7870
003 - CONTROL NUMBER IDENTIFIER
JCCL marc code BD-JhCC
005 - DATE AND TIME OF LATEST TRANSACTION
control field 20180215085607.0
008 - FIXED-LENGTH DATA ELEMENTS--GENERAL INFORMATION
fixed length control field 710222s1968 njuac 000 0 eng
035 ## - SYSTEM CONTROL NUMBER
system control number (BD-JhCC)7870
040 ## - CATALOGING SOURCE
Original cataloging agency DLC
Transcribing agency DLC
Modifying agency DLC
-- BD-JhCC
041 ## - LANGUAGE CODE
Language code of Book eng
050 00 - LIBRARY OF CONGRESS CALL NUMBER
Classification number GV944.U5
Item number S52
082 00 - DEWEY DECIMAL CLASSIFICATION NUMBER
Classification number 796.334
Author mark and Year SMI 1968
100 1# - MAIN ENTRY--PERSONAL NAME
Personal name Smits, Ted.
245 14 - TITLE STATEMENT
Title The game of soccer.
260 ## - PUBLICATION, DISTRIBUTION, ETC. (IMPRINT)
Place of publication, distribution, etc Englewood Cliffs, N.J.,
Name of publisher, distributor, etc Prentice-Hall
Date of publication, distribution, etc [1968]
300 ## - PHYSICAL DESCRIPTION
Pagination v, 164 p.
Other physical details illus., ports.
Dimensions 24 cm.
650 #0 - SUBJECT ADDED ENTRY--TOPICAL TERM
Topical term or geographic name as entry element Soccer
Geographic subdivision United States.
942 ## - ADDED ENTRY ELEMENTS (KOHA)
Source of classification or shelving scheme Dewey Decimal Classification
Koha item type Books
Holdings
Source of classification or shelving scheme Damaged status Not for loan Home library Current library Shelving location Total Checkouts Full call number Barcode Date last seen Copy number Koha item type
Dewey Decimal Classification     JCC Rouf Library JCC Rouf Library General Stacks   796.334 SMI 1968 1052 02/15/2018 C - 1 Books

JCC Library | Contacts | JCC Home

Last Update on 23 September 2017
Copyright @ 2017-2020 JCC Rouf Library
Rouf Library, Jhenidah Cadet College (JCC), Bangladesh